UPSC CSAT Civil Services Aptitude Test: (Record no. 190977)

MARC details
000 -LEADER
fixed length control field 00669nam a22001817a 4500
005 - DATE AND TIME OF LATEST TRANSACTION
control field 20220816162743.0
010 ## - LCCN (DPL NO)
LC control number B-745317
020 ## - INTERNATIONAL STANDARD BOOK NUMBER
International Standard Book Number 9789390389797
Terms of availability 145.00
035 ## - SYSTEM CONTROL NUMBER
System control number B-745317
037 ## - SOURCE OF ACQUISITION
Source of stock number/acquisition Prabhat Exam
100 ## - MAIN ENTRY--PERSONAL NAME
Personal name Dharmesh, Singh
245 ## - TITLE STATEMENT
Title UPSC CSAT Civil Services Aptitude Test:
Remainder of title General Studies Paper-II Solved Papers (2011-2020) /
Statement of responsibility, etc Dharmesh Singh
260 ## - PUBLICATION, DISTRIBUTION, ETC. (IMPRINT)
Place of publication, distribution, etc New Delhi
Name of publisher, distributor, etc Prabhat Exam
270 ## - ADDRESS
Address 4/19 Asaf Ali Road New Delhi
City New Delhi
Postal code 110002
Telephone number 7827007777
Electronic mail address prabhatbooks@gmail.com
300 ## - PHYSICAL DESCRIPTION
Extent 146p.
Dimensions 28cm(pbk)
942 ## - ADDED ENTRY ELEMENTS (KOHA)
Source of classification or shelving scheme Dewey Decimal Classification
Item type English Books
Call number suffix DHA
Classification part 000
Holdings
Withdrawn status Lost status Not for loan Collection code Home library Current library Date acquired Source of acquisition Cost, normal purchase price Full call number Barcode Copy number Cost, replacement price Koha item type Public note
      Non-fiction Ashok Vihar Ashok Vihar 16/08/2022 18.6.2022/ Gift 145.00 000 DHA B-745317 1 145.00 English Books Gift

© Delhi Public Library
Hit Counter
free hit counter